Totalitarismus und Demokratie. Freiwilligkeit im (Post-)Kommunismus. Volunteeering in (Post-)Communism (Titelsatznr. 32295)
[ MARC ]
| 000 -Satzkennung | |
|---|---|
| Kontrollfeld mit fester Länge | 00467nam a22001451c 4500 |
| 001 - Kontrollnummer | |
| Kontrollfeld | a987689244+17.2020,2 |
| 035 ## - Systemkontrollnummer | |
| System-Kontrollnummer | a987689244 |
| 008 - Feld mit fester Länge zur physischen Beschreibung - Allgemeine Angaben | |
| Kontrollfeld mit fester Länge | 210202s2020 gw |||| 000u ger d |
| 040 ## - Katalogisierungsquelle | |
| Übertragungsstelle | RU-10907106 |
| 003 - Kontrollnummer Identifier | |
| Kontrollfeld | RU-10907106 |
| 264 ## - Produktion, Veröffentlichung, Distribution, Herstellung und Urheberrechtsvermerk | |
| Herstellungs-, Veröffentlichungs- Vertriebs-, Erzeugungsort | Göttingen : |
| Produzent, Herausgeber, Distributor, Hersteller | Vandenhoeck & Ruprecht, |
| Datum der Herstellung, der Veröffentlichung, des Vertriebs oder des Urheberschutzvermerks | 2020 |
| 245 00 - Titel | |
| Titel | Totalitarismus und Demokratie. Freiwilligkeit im (Post-)Kommunismus. Volunteeering in (Post-)Communism |
| Zählung des Teils/der Abteilung eines Werkes | 17.2020,2 |
| 773 0# - Übergeordnete Einheit | |
| Datensatzkontrollnummer | a987689244 |
| Zählung und erste Seite | 17.2020,2 |
| 942 ## - Zusätzliche Felder (Koha) | |
| Koha-Medientyp | Monographien |
| Ausgeschieden | Verloren | Beschädigt | Nicht entleihbar | Heimatbibliothek | Aufenthaltsbibliothek | Erwerbungsdatum | Signatur | Barcode | Letzte Aktivität | Preis gültig von | Koha-Medientyp |
|---|---|---|---|---|---|---|---|---|---|---|---|
| MWN Osteuropa | MWN Osteuropa | 02/02/2021 | ZS-TD | 32299 | 22/03/2021 | 22/03/2021 | Monographien |